| 000 | 00361pam a2200157 a 4500 | ||
|---|---|---|---|
| 020 | _c | ||
| 041 | _h | ||
| 100 |
_aBETTER HOMES _eAuthor |
||
| 245 |
_aEAT & STAY SLIM _cBETTER HOMES _hTextual Documents |
||
| 250 | _a1st | ||
| 260 | _bMeredith Corporation | ||
| 300 | _a94 | ||
| 653 | _afood Producation | ||
| 700 |
_aGARDENS _eCo-Author |
||
| 930 | _a1200 | ||
| 999 |
_c243809 _d243809 |
||